000 00546nam a2200181Ia 4500
003 OSt
005 20240217110204.0
008 210210b1927 xxu||||| |||| 00| 0 eng d
040 _cAL
041 _aKannada
082 _a852/232
100 _aGURU BASAVAPPA FAKIRAPPA ಗುರು ಬಸವಪ್ಪಾ ಫಕೀರಪ್ಪಾ
_9151849
245 _aLinga Mattu Paramatma
_bಲಿಂಗ ಮತ್ತು ಪರಮಾತ್ಮ
260 _aMangaluru
_b-
_c1927
690 _aKannada Prose
_9151850
906 _a018800
942 _2ddc
_cBK
999 _c142354
_d142354